Marvel Comics: Nicknames & Titles (X-Men) Quiz Stats

 Plays Quiz not verified by Sporcle

Score 0/37 Timer 05:00
0 Plays Today
Nickname or Title X-Men Characters % Correct
KittyKatherine Pryde
100%
The Master of MagnetismMagneto
97.7%
King of the Seven SeasNamor the Sub-Mariner
93.2%
Merc with a MouthDeadpool
93.2%
Weather-WitchStorm
90.9%
The First MutantApocalypse (En Sabah Nur)
90.9%
King of the AtlanteansNamor the Sub-Mariner
90.9%
RedJean Grey
88.6%
JubesJubilee
88.6%
Fuzzy-ElfNightcrawler
86.4%
Mistress of MagnetismPolaris
86.4%
Wind-RiderStorm
84.1%
CykeCyclops
84.1%
IrishBanshee (Sean Cassidy)
84.1%
CajunGambit
84.1%
Children of the AtomX-Men or Mutants
81.8%
Angel of DeathArchangel (Angel)
81.8%
ShamrockBanshee (Sean Cassidy)
79.5%
Three-In-OneStepford Cuckoos
75%
Nickname or Title X-Men Characters % Correct
Emma Lite'sStepford Cuckoos
75%
Mutant MessiahHope Summers
75%
Queen of LimboMagik
75%
Canuckle-HeadWolverine (James Howlett)
72.7%
SlimCyclops
70.5%
Little SnowflakeMagik
63.6%
Praetor of the Imperial GuardGladiator (Kallark)
63.6%
Lucky OneLongshot (Mojoverse)
59.1%
DragonLockheed
59.1%
HayseedCannonball or Husk
56.8%
Crimson ComedianDeadpool
56.8%
Majestor of the Shi'ar EmpireGladiator (Kallark)
56.8%
Askani'sonCable
54.5%
The Girl Who Knows StuffLayla Miller
47.7%
LightengaleDazzler
29.5%
Le PewFantomex
27.3%
Mutant Man of MysteryFantomex
11.4%
Princess PerfectM
11.4%

You're not logged in!

Compare scores with friends on all Sporcle quizzes.
OR
Log In

Show Comments

Extras

Top Quizzes Today


Score Distribution

Your Account Isn't Verified!

In order to create a playlist on Sporcle, you need to verify the email address you used during registration. Go to your Sporcle Settings to finish the process.

Report this User

Report this user for behavior that violates our Community Guidelines.

Details: